000 01004njm a2200289Ia 4500
001 65015
003 IT-RoPAU
005 20220918181116.0
008 131025s9999 xx 000 0 und d
040 _aIT-RoPAU
040 _cIT-RoPAU
041 _aITALIANO
999 _c99443
_d99443
999 _bn.d.
100 _aAA.VV.
_9794
100 _eAutore musica
_923535
100 _gCodice autore musica SPICS: 12000
_9796
245 _aMelodie popolari eucaristiche
250 _a1a ed.
260 _aALBANO
260 _bEP - MUSICALI E DISCOGRAFICHE
_c1987 [1a Ed.:1987 - Ed. Lingua Orig.: 1987]
300 _aMUSICASSETTA
300 _c41 minuti (Testo: pag.)
500 _aMusica religiosa, liturgica. Arrangiamento di Elvio Monti
505 _aInni e canti - O esca viatorum - Ave verum - T'adoriamo ostia divina - Tantum ergo - O salutaris hostia - Adoro te devote - Pange lingua - Ecce panis angelorum - Tantum ergo
650 _aLITURGICO [CASSETTE]
_eCodice MATERIA SPICS: 9951
_95632
942 _cMC
_2ddc